Geography Ending in Z, Starting with A-Z - Statistics

General Stats
  • This quiz has been taken 11 times
  • The average score is 8 of 26
Answer Stats
Clue Answer ending in Z % Correct
G Thanks in Italian - that is banned in Austria Graz
90%
L The clue is in this Austrian city centre Linz
90%
V The capital of Liechtenstein Vaduz
90%
C Publicity message one put in ancient Spanish city near Gibraltar Cadiz
80%
S Wine from Iran Shiraz
70%
F Happy Days character visits remote Spanish village Fonz
50%
B Very weird disappearance of first zebra and elephant - it's a gain for French resort Biarritz
40%
N Watch the head go east of Mississippi Natchez
40%
A Oddly, he goes via the Ayatollah's place in Iran Ahvaz
30%
D In this clue, utterly obscure Cologne borough's centre Deutz
30%
K Pakistani language loses the right - no replacement for Afghan city Kunduz
30%
P Tenerife resort whose name means port of the cross Puerto de la Cruz
30%
T Chat GPT installed in major city of Yemen Taiz
30%
R I'm lost in Cote d'Azur with her logic gate, east of San Pedro Sula Rivera Hernandez
20%
H Peruvian city has a strange aura Huaraz
20%
Q Zulu back, echo within city of Portugal Queluz
20%
W Endless tile shuffling in Luxembourg Wiltz
20%
O South American Ozzy cross about Brazilian town Osvaldo Cruz
10%
Z Town in Poland where cogs are heard turning Zgierz
10%
I No end to the alternative corn at this nature reserve in Nicaragua Indio Maiz
0%
J Town in Oman where we find a crux and a tangled hair Janub ad Dahariz
0%
M Paraguayan master has force to cut stoat in winter Maestro Fermin Lopez
0%
E Kid flipped at the end, as you, in Monaco, built Kazakh city Ekibastuz
0%
U Turkish locale has axis and sun god with no head or tail Uzungoz
0%
X Zico and Vlad Tepes overheard together from city in Mexico Xicotepec de Juárez
0%
Y Nomad's tent found in France with a hole in it Yutz
0%
No matching quizzes found
Score Distribution
Percent of People with Each Score
Percentile by Number Answered
Your Score History
You have not taken this quiz